The physics of energy (Record no. 53614)

MARC details
000 -LEADER
fixed length control field 00711nam a2200193 a 4500
008 - FIXED-LENGTH DATA ELEMENTS--GENERAL INFORMATION
fixed length control field 200805s2018 ||||||||||||||||| || u
020 ## - INTERNATIONAL STANDARD BOOK NUMBER
International Standard Book Number 9781107016651
050 ## - LIBRARY OF CONGRESS CALL NUMBER
Classification number QC 28 Jaf
100 ## - MAIN ENTRY--PERSONAL NAME
Personal name Jaffe, Robert L
245 14 - TITLE STATEMENT
Title The physics of energy
Statement of responsibility, etc. By Robert L. Jaffe; Washington Taylor
260 ## - PUBLICATION, DISTRIBUTION, ETC.
Place of publication, distribution, etc. Cambridge
Name of publisher, distributor, etc. Cambridge University Press
Date of publication, distribution, etc. 2018
300 ## - PHYSICAL DESCRIPTION
Extent xxx, 874 pages : illustrations
650 ## - SUBJECT ADDED ENTRY--TOPICAL TERM
Topical term or geographic name entry element FORCE ENERGY
650 #0 - SUBJECT ADDED ENTRY--TOPICAL TERM
Topical term or geographic name entry element PHYSICS
650 #0 - SUBJECT ADDED ENTRY--TOPICAL TERM
Topical term or geographic name entry element POWER RESOURCES
650 #0 - SUBJECT ADDED ENTRY--TOPICAL TERM
Topical term or geographic name entry element RENEWABLE ENERGY SOURCES
700 ## - ADDED ENTRY--PERSONAL NAME
Personal name Taylor, Washington
995 ## - RECOMMENDATION 995 [LOCAL, UNIMARC FRANCE]
-- 76.41
-- CBU-MAIN LIBRARY (Kitwe)
-- 1
-- AVAILABLE
-- Aug 6, 2020
-- Main Library Open Access Collection
Holdings
Withdrawn status Lost status Source of classification or shelving scheme Damaged status Not for loan Home library Current library Shelving location Date acquired Total Checkouts Full call number Barcode Date last seen Price effective from Koha item type
          CBU-MAIN LIBRARY, KITWE. CBU-MAIN LIBRARY, KITWE.   11/30/2022   QC 28 Jaf 750419 11/30/2022 11/30/2022 MONOGRAPH